| 000 | 01361nam a2200349Ia 4500 | ||
|---|---|---|---|
| 001 | ebr10607268 | ||
| 003 | CaPaEBR | ||
| 006 | m u | ||
| 007 | cr cn||||||||| | ||
| 008 | 120109s2012 caua sb 001 0 eng d | ||
| 010 | _z 2012000823 | ||
| 020 | _z9780520272446 | ||
| 020 | _z0520272447 | ||
| 020 | _z9780520953659 | ||
| 040 |
_aCaPaEBR _cCaPaEBR |
||
| 035 | _a(OCoLC)812570464 | ||
| 050 | 1 | 4 |
_aPA3131 _b.G554 2012eb |
| 082 | 0 | 4 |
_a792.1/20973 _223 |
| 100 | 1 |
_aFoley, Helene P., _d1942- |
|
| 245 | 1 | 0 |
_aRe-imagining Greek tragedy on the American stage _h[electronic resource] / _cHelene P. Foley. |
| 260 |
_aBerkeley : _bUniversity of California Press, _c2012. |
||
| 300 |
_axv, 375 p. : _bill. |
||
| 490 | 1 |
_aSather classical lectures ; _v70 |
|
| 504 | _aIncludes bibliographical references (p. 309-361) and index. | ||
| 533 |
_aElectronic reproduction. _bPalo Alto, Calif. : _cebrary, _d2011. _nAvailable via World Wide Web. _nAccess may be limited to ebrary affiliated libraries. |
||
| 650 | 0 |
_aGreek drama _xHistory and criticism. |
|
| 650 | 0 |
_aTheater _zUnited States _xHistory. |
|
| 655 | 7 |
_aElectronic books. _2local |
|
| 710 | 2 | _aebrary, Inc. | |
| 830 | 0 |
_aSather classical lectures ; _vv. 70. |
|
| 856 | 4 | 0 |
_uhttp://site.ebrary.com/lib/rucke/Doc?id=10607268 _zAn electronic book accessible through the World Wide Web; click to view |
| 999 |
_c97712 _d97712 |
||